Statistics for Biggest European Cities in 1900

Click here to take the quiz!

General Stats

  • This quiz has been taken 7,749 times
  • The average score is 30 of 50

Answer Stats

PopulationCity% Correct
4.50 milLondon
99%
2.66 milParis
99%
1.89 milBerlin
97%
1.04 milMoscow
92%
452 kRome
92%
727 kWarsaw
92%
540 kMadrid
90%
1.66 milVienna
89%
529 kBarcelona
86%
524 kAmsterdam
82%
500 kMunich
82%
732 kBudapest
80%
540 kManchester
80%
481 kMilan
79%
706 kHamburg
77%
351 kLisbon
76%
301 kStockholm
75%
291 kDublin
70%
679 kLiverpool
70%
571 kBrussels
69%
460 kLyon
69%
1.25 milSt. Petersburg
68%
554 kNaples
67%
288 kKiev
65%
751 kGlasgow
64%
900 kConstantinople
61%
356 kCopenhagen
61%
470 kMarseille
61%
518 kBirmingham
59%
289 kFrankfurt
58%
310 kEdinburgh
56%
331 kTurin
56%
373 kCologne
55%
329 kRotterdam
53%
282 kBucharest
51%
422 kLeeds
42%
423 kBreslau
37%
273 kAntwerp
36%
396 kDresden
36%
339 kBelfast
33%
257 kBordeaux
33%
352 kLodz
31%
306 kPalermo
30%
288 kRiga
29%
456 kLeipzig
28%
325 kBristol
27%
375 kSheffield
27%
450 kOdessa
24%
261 kNuremburg
7%
278 kBradford
6%

Score Distribution

Percentile by Number Answered

Percent of People with Each Score

Your Score History

You have not taken this quiz